00000000nam 2200000zi 4500
0019.943057
003CaOODSP
00520250109141231
006m     o  d f      
007cr |n|||||||||
008240910e202409  oncbd   ob   f000 0 eng d
020 |a9780660735665
040 |aCaOODSP|beng|erda|cCaOODSP
043 |an-cn-nf
0861 |aFs70-5/2024-067E-PDF
1001 |aBaker, K.D., |eauthor.
24510|aIdentifying a limit reference point for striped shrimp (Pandalus montagui) in shrimp fishing area 4 / |cK.D. Baker, S.C. Anderson, W. Coffey, D.R.J. Mullowney, W. Walkusz, and K.R. Skanes.
264 1|aOttawa ON : |bCanadian Science Advisory Secretariat (CSAS), |cSeptember 2024.
264 4|c©2024
300 |a1 online resource (iv, 27 pages) : |bmaps, charts.
336 |atext|btxt|2rdacontent
337 |acomputer|bc|2rdamedia
338 |aonline resource|bcr|2rdacarrier
4901 |aResearch document, |x1919-5044 ; |v2024/067
500 |aIssued also in French under title: Détermination d’un point de référence limite pour la crevette ésope (Pandalus montagui) de la zone de pêche à la crevette 4.
504 |aIncludes bibliographical references (pages 12-15).
650 0|aShrimp fisheries|zNewfoundland and Labrador|xManagement.
650 0|aShrimp populations|zNewfoundland and Labrador.
7101 |aCanada. |bDepartment of Fisheries and Oceans, |eissuing body.
7102 |aCanadian Science Advisory Secretariat, |eissuing body.
77508|tDétermination d'un point de référence limite pour la crevette ésope (Pandalus montagui) de la zone de pêche à la crevette 4 / |w(CaOODSP)9.943059
830#0|aResearch document (Canadian Science Advisory Secretariat)|v2024/067.|w(CaOODSP)9.507396
85640|qPDF|s9.19 MB|uhttps://publications.gc.ca/collections/collection_2025/mpo-dfo/fs70-5/Fs70-5-2024-067-eng.pdf